| 000 | 00720nam a22002177a 4500 | ||
|---|---|---|---|
| 999 |
_c13657 _d13657 |
||
| 003 | AR-CdUCM | ||
| 008 | 190311b ||||| |||| 00| 0 spa d | ||
| 040 |
_aMUNICIPALIDAD PROVINCIAL DEL CUSCO _cBIBLIOTECA MUNICIPAL DEL CUSCO |
||
| 082 |
_23ed. _aC / 970.05 / _bV78 |
||
| 100 |
_aVargas Ugarte, Rubén,S.J. _915229 |
||
| 245 | _aLa carta a los Españoles Americanos de Don Juan Pablo Viscardo y Guzmán / | ||
| 260 |
_aLima : _bLa Colmena, _c1948. |
||
| 300 |
_a31 páginas ; _c22 cm. |
||
| 505 | _a La carta a los Españoles americanos. | ||
| 650 |
_aHistoria de america _91537 |
||
| 650 |
_aEspaña _9176 |
||
| 650 |
_aCartas _9213 |
||
| 650 |
_aHistoria _9246 |
||
| 942 |
_2ddc _cLIBROS |
||
| 945 |
_awfj _d2019-04-16 |
||